Представление документа в формате MARC21

Поле Инд. ПП Название Значение
Тип записи a
Библиографический уровень m
001 Контрольный номер RU/IS/BASE/315315118
005 Дата корректировки 20150513113625.8
020 a ISBN 978-5-390-00105-9
040 a Служба первич. каталог. НБ ТвГУ
b Код языка каталог. rus
e Правила каталог. PSBO
041 0_ a Код языка текста rus
080 a Индекс УДК 330.43(075.8)
084 a Индекс другой классификации/Индекс ББК У.в631я73-1
090 a Полочн. индекс У.в631
x Авторский знак Г 52
100 1_ a Автор Гладилин Александр Васильевич
q Полное имя Гладилин А. В.
245 10 a Заглавие Эконометрика
b Продолж. заглавия учебное пособие для студентов вузов, обучающихся по специальности "Математические методы в экономике" и другим экономическим специальностям
250 a Основные сведения об издании 2-е изд., стер.
260 a Место издания Москва
b Издательство КноРус
c Дата издания 2009
300 a Объем 226, [1] с.
b Иллюстрации/ тип воспроизводства табл.
504 a Библиография Библиогр.: с. 215 (11 назв.)
520 a Аннотация Рассматриваются основные методы и приемы анализа экономических процессов, порядок спецификации, параметризации и верификации экономических моделей парной и множественной регрессии. Большой материал посвящен анализу временных рядов и системам одновременных уравнений.
Д ля студентов, аспирантов, преподавателей вузов, а также для специалистов аналитических служб организаций.
650 a Основная рубрика Эконометрика
x Основная подрубрика Учебники для вузов
650 14 a Основная рубрика Экономика
x Основная подрубрика Математические методы
650 14 a Основная рубрика Экономико-математические методы и модели
653 a Ключевые слова Математические методы в экономике
a Ключевые слова Эконометрика
a Ключевые слова Экономика
a Ключевые слова Экономико-математические методы
a Ключевые слова Экономико-математические модели
700 a Другие авторы Герасимов Алексей Николаевич
q Полное имя Герасимов, А. Н.
700 1_ a Другие авторы Громов Евгений Иванович
q Полное имя Громов, Е. И.
910 a гриф есть**
920 a Оператор Густ
930 a Новая/Ретро учебники
952 c Вид литературы К ру
954 a Дата поступления на обработку 20100126